00496nam a2200193 a 4500001001300000003000900013005001700022008004100039020000900080082001600089100002400105245001200129260003400141300000900175500003500184505002800219650003100247700002400278nice12345678IN_TiNIC20260116011849.0050524s1974 hyda grp 000 0 urd  ac1500a922.97bAHM aAhmad, Hasan Ud Din aAnjuman aHyderabadbVala Academyc1974 a212p aincludes index and biblioraphy2 aAcc no. 2085 is reserve aMuslims-India-Bibliography1 aAhmad, Hasan Ud Din